000 00756nam a2200253 i 4500
001 9047
003 ES-MaACL
005 20230906145606.0
007 t|
008 930202s1992 sp |||| | spa d
020 _a84-7731-138-2
080 _a1 Bloch, Ernst
100 1 _aRamos Centeno, Vicente.
_995294
245 1 0 _aUtopía y razón práctica en Ernst Bloch /
_cVicente Ramos Centeno ; prólogo de Javier Muguerza.
260 _aMadrid :
_bEndymion,
_c[1992]
300 _a320 p. ;
_c20 cm.
490 1 _aTextos universitarios
504 _aBibliografía: p. 299-320.
600 1 4 _aBloch, Ernst.
_929505
700 1 _aMuguerza, Javier.
_984074
830 0 _aTextos universitarios
_9177853
852 _aES-MaACL
_jL-16530
999 _c9047
_d9047